|
|
|
|
| LEADER |
00000cam a2200000 i 4500 |
| 001 |
1/99921 |
| 008 |
081220q19501960gr | ||| |||| ||gre|| |
| 035 |
|
|
|l 10102651
|
| 040 |
|
|
|a GR-MY-UA
|b gre
|e aacr
|
| 041 |
0 |
|
|a gre
|
| 082 |
0 |
|
|a 889.334
|2 (22)
|
| 100 |
1 |
|
|a Καρκαβίτσας, Ανδρέας,
|d 1865-1922.
|
| 245 |
1 |
2 |
|a Ο ζητιάνος /
|c Α. Καρκαβίτσα
|
| 250 |
|
|
|a 4η έκδ.
|
| 260 |
|
|
|a Εν Αθήναις :
|b Εστία,
|c [19--]
|
| 300 |
|
|
|a 221 σ.;
|c 21 εκ.
|
| 650 |
0 |
0 |
|a Greek fiction.
|
| 650 |
0 |
0 |
|a Greek literature.
|
| 852 |
|
|
|a INST
|b RHODES
|c AKA
|e 20081220
|h 889.334 ΚΑΡ
|p 005400031674
|q 005400031674
|t BK
|y 0
|
| 901 |
|
|
|a BIBL4-2008-3
|
| 909 |
|
|
|a Ρ
|b 156799
|
| 970 |
|
|
|a ΚΟΖΑ
|b ΜΑΡΙΑ
|z 2008/12/20
|